Headway : Elementary (Student's book)

Headway is for students who want to use English accurately and fluently, and to communicate with ease in both social and everyday situatiuons. This latest addition to the Headway family offers the beginner and false beginner all the best features of the Headway package plus the newer features of `Ev...

पूर्ण विवरण

में बचाया:
ग्रंथसूची विवरण
स्वरूप: पुस्तक
भाषा:Undetermined
प्रकाशित: Oxford Oxford University Press 1994
विषय:
टैग : टैग जोड़ें
कोई टैग नहीं, इस रिकॉर्ड को टैग करने वाले पहले व्यक्ति बनें!
Thư viện lưu trữ: Trung tâm Học liệu Trường Đại học Cần Thơ
LEADER 01129nam a2200217Ia 4500
001 CTU_39946
008 210402s9999 xx 000 0 und d
020 |c 50000 
082 |a 428.0071 
082 |b H432 
245 0 |a Headway : 
245 0 |b Elementary (Student's book) 
245 0 |c Liz Soars, John Soars 
260 |a Oxford 
260 |b Oxford University Press 
260 |c 1994 
520 |a Headway is for students who want to use English accurately and fluently, and to communicate with ease in both social and everyday situatiuons. This latest addition to the Headway family offers the beginner and false beginner all the best features of the Headway package plus the newer features of `Everyday English' sections, an integrated vocabulary syllabus, and revision and self-access sections after every four units. 
650 |a English language,Tiếng Anh 
650 |x Giáo trình dành cho người nước ngoài 
904 |i Minh, H.Mai chuyển số PL về 428.0071 dùng cho cả bộ, mã hóa cutter theo tên sách 
980 |a Trung tâm Học liệu Trường Đại học Cần Thơ